000
00295nam a22001217a 4500
082
_a
629.254 FIS'S
100
_a
FISHER, CHARLES H
_9
56544
245
_a
SPARK IGNITION ENGINES FUEL INJECTION SYSTEMS
250
_a
4TH
260
_a
LONDON
_b
CHAPMAN & HALL
_c
1966
300
_a
220P
942
_c
BK
999
_c
585111
_d
585111